000 00332nam a2200133 i 4500
001 bg
100 1 _aMISIN, N.
245 0 _aStatićeskie nelinejnye cepi s vrascajascimsja magnitnim polem /
_cN. Misin.
260 _aKisinev,
_c1973.
040 _cBPK
041 _apol
942 _cKS
008 s pl f |000 0 pol
999 _c25723
_d25723
856 _uhttp://koha.tu.koszalin.pl/cgi-bin/koha/opac-detail.pl?biblionumber=25723
_yKatalog online BPK